Current Affairs MCQs For Prelims 2020 (Record no. 183214)

MARC details
000 -LEADER
fixed length control field 00657 a2200181 4500
005 - DATE AND TIME OF LATEST TRANSACTION
control field 20220309144149.0
010 ## - LCCN (DPL NO)
LC control number ENG-130440
020 ## - INTERNATIONAL STANDARD BOOK NUMBER
International Standard Book Number 978-93-89811-89-6
Terms of availability 305.00
035 ## - SYSTEM CONTROL NUMBER
System control number EN-113972
037 ## - SOURCE OF ACQUISITION
Source of stock number/acquisition DBAD/PUB
082 ## - DEWEY DECIMAL CLASSIFICATION NUMBER
Classification number 000
Item number 1
100 ## - MAIN ENTRY--PERSONAL NAME
Personal name Singh, Pavneet
245 ## - TITLE STATEMENT
Title Current Affairs MCQs For Prelims 2020
Statement of responsibility, etc Pavneet Singh
Remainder of title Sourced from Newspapers, Economic Survey & Budget 2020
260 ## - PUBLICATION, DISTRIBUTION, ETC. (IMPRINT)
Place of publication, distribution, etc Tamill Nadu
Name of publisher, distributor, etc McGraw Hill Education Private Limited
Date of publication, distribution, etc 2021
270 ## - ADDRESS
Address 444/1, Sri Ekambara Naicker Industrial Estate, Alapakkam, Porur
City Chennai
Postal code 600116
300 ## - PHYSICAL DESCRIPTION
Extent xvii, 10.36p.
Dimensions 22cm (pbk)
942 ## - ADDED ENTRY ELEMENTS (KOHA)
Institution code [OBSOLETE] dpl
Item type English Books
Source of classification or shelving scheme Dewey Decimal Classification
Classification part 000
Call number suffix SIN
Holdings
Withdrawn status Lost status Not for loan Collection code Home library Current library Date acquired Source of acquisition Cost, normal purchase price Full call number Barcode Copy number Cost, replacement price Koha item type
      Non-fiction Sarojini Nagar Sarojini Nagar 20/12/2021 DBAD/PUB 305.00 000 SIN EN-113972 1 305.00 English Books

© Delhi Public Library
Hit Counter
free hit counter